| 000 | 01074nam a2200325 i 4500 | ||
|---|---|---|---|
| 001 | 768714001 | ||
| 003 | CO-MdFUSB | ||
| 005 | 20201214155528.0 | ||
| 007 | ta | ||
| 008 | 200617t2000 enk |||| |||| 00| 0 eng d | ||
| 020 | _a0905241177 | ||
| 040 |
_aCO-MdFUSB _bspa _cCO-MdFUSB _dCO-MdFUSBC _erda |
||
| 041 | _aeng | ||
| 082 |
_223 _a268.4 _bR382 |
||
| 110 | _aCatholic Bishops´ Conference of England and Wales | ||
| 245 | 4 |
_aThe priority of adult formation _c/ Catholic Bishops´ Conference of England and Wales |
|
| 264 | 1 |
_aLondres : _bCatholic Media Office, _c[2000] |
|
| 264 | 4 | _c© 2000 | |
| 300 | _c; | ||
| 336 |
_2rdacontent _atexto _btxt |
||
| 337 |
_2rdamedia _asin mediación _bn |
||
| 338 |
_2rdacarrier _avolumen _bnc |
||
| 505 | _aUna perspectiva histórica: Formación de adultos en la enseñanza eclesiástica desde el Vaticano II.-- La situación actual. -- El camino a seguir | ||
| 563 | _aRústico | ||
| 650 | 7 |
_9349 _aEducación cristiana |
|
| 653 | _aEducación de adultos | ||
| 942 | _cBK | ||
| 945 | _aJTF-925 | ||
| 999 |
_c66157 _d66157 |
||